00499cam a22001934a 45000010009000000050017000090080041000260100017000670200027000840400018001110410008001290420014001370800017001510820021001681000007001891010008001962450049002045040052002531245386420180125043105.0010627s2002 nyua j b 001 0deng  a 2001003841 a0823935574 (lib. bdg.) aDLCcDLCdDLC aeng apccalcac a796.4352 CHR00a796.4352 CHR2211 a48 aEDU10aUltra marathon running /cby Chris Hayhurst. aIncluding bibliographical references and index.